|
|
|
|
| LEADER |
00948nas a2200289 a 4500 |
| 001 |
000808087 |
| 003 |
CZ BrMZK |
| 005 |
20080908123430.0 |
| 007 |
ta |
| 008 |
060207c200u9999xr mr p 0 a0cze d |
| 015 |
|
|
|a cnb001569652
|
| 022 |
|
|
|a 1214-8318
|
| 040 |
|
|
|a BOA001
|b cze
|
| 041 |
0 |
|
|a cze
|
| 245 |
0 |
0 |
|a Excerpta Pharmaceutica :
|b informace pro členy Pražského sdružení lékarníků
|
| 260 |
|
|
|a Praha :
|b Pražské sdružení lékárníků,
|c [200-]-^^^
|
| 300 |
|
|
|a ^^^sv. ;
|c 30 cm
|
| 310 |
|
|
|a 1x měsíčně
|
| 362 |
0 |
|
|a (2004) -
|
| 500 |
|
|
|a Popsáno dle: R. 2004 (září)
|
| 541 |
|
|
|c pv
|
| 710 |
2 |
2 |
|a Česká lékárnická komora
|7 nlk20020125641
|
| 910 |
|
|
|a BOA001
|b 05770-1168.454
|r 2004-05
|
| 952 |
|
|
|a e-xr-pg
|
| 990 |
|
|
|a SE
|
| 991 |
|
|
|b 200602
|
| 996 |
6 |
|
|b 2610288283
|c 05770-1168.454
|d 2004 1-2, 2005 1-5, 2006 1
|v 2004-06
|i 1,1-5
|y 2004,2005,2006
|l MZK
|r DEP / do 15 dnů
|n 0
|p p.v.
|w 000808087
|u 000180
|a 240
|e BOA001
|j MZK50
|s P
|